ბათუმის შოთა რუსთაველის სახელმწიფო უნივერსიტეტის ბიბლიოთეკა

სახიობა : (ბიბ.ჩანაწერი № 59724)

000 -ლიდერი
ფიქსირებული სიგრძის საკონტროლო ველი 00807nam a22001817a 4500
003 - საკონტროლო ნომრის იდენტიფიკატორი
საკონტროლო ველი Ge_BSU
005 - ბოლო ოპერაციის თარიღი და დრო
საკონტროლო ველი 20230407105410.0
008 - ფიქსირებული სიგრძის მონაცემთა ელემენტები - ზოგადი ინფორმაცია
ფიქსირებული სიგრძის საკონტროლო ველი 230407s1972 ge ||||| |||| 00| 0 geo d
041 ## - ენის კოდი
Language code of text/sound track or separate title geo
080 ## - უნივერსალური ათობითი კლასიფიკაციის ინდექსი
Universal Decimal Classification number 792(=353.1)(09) ჯ-20
100 ## - მთავარი ჩანაწერი - პიროვნების სახელი
Personal name ჯანელიძე, დიმიტრი
9 (RLIN) 17538
245 ## - ცნობა სათაურის შესახებ
Title სახიობა :
Remainder of title [ნარკვევები]. წ. 2 /
Statement of responsibility, etc დიმიტრი ჯანელიძე; რედაქტორი ე. ქარელიშვილი.
264 ## - წარმოების, გამოცემის, დისტრიბუციის და სხვა ცნობები
გამოცემის, წარმოების, დისტრიბუციის... ადგილი თბილისი :
გამოცემის, წარმოების, დისტრიბუციის... სახელწოდება ხელოვნება,
გამოცემის, წარმოების, დისტრიბუციის... თარიღი 1972.
300 ## - ფიზიკური აღწერა
Extent 251 გვ.;
Other physical details 22 სმ.
653 ## - INDEX TERM--UNCONTROLLED
Uncontrolled term ქართული თეატრის ისტორია
700 ## - ADDED ENTRY--PERSONAL NAME
Personal name ქარელიშვილი, ე.
Relator term რედაქტორი
9 (RLIN) 6259
942 ## - ADDED ENTRY ELEMENTS (KOHA)
Source of classification or shelving scheme
Koha item type წიგნი
ეგზემპლარები
ჩამოწერის სტატუსი დაკარგული ეგზემპლარის სტატუსი კლასიფიკაციის წყარო ან თაროზე გაწყობის სქემა დაზიანების სტატუსი არ გაიცემა მუდმივი მდებარეობა (დაცვის ადგილი) ამჟამინდელი ადგილსამყოფელი თაროზე განთავსების ადგილი შეძენის თარიღი ღირებულება, შესყიდვის ნორმალური ფასი სრული შენახვის შიფრი შტრიხკოდი ბოლო ოპერაციის თარიღი ეგზემპლარის მიმდევრობითი ნომერი (კეტერი?) Uniform Resource Identifier ფასის ძალაში შესვლის თარიღი ეგზემპლარის სახეობა საჯარო შენიშვნა
          ბათუმის შოთა რუსთაველის სახელმწიფო უნივერსიტეტის მთავარი ბიბლიოთეკა ბათუმის შოთა რუსთაველის სახელმწიფო უნივერსიტეტის მთავარი ბიბლიოთეკა წიგნსაცავი 2023-04-07 5.00 792(=353.1)(09) ჯ-20 64195 2023-04-07 64195 ბსუ-ს საპატიო დოქტორის გურამ ლორთქიფანიძის საჩუქარი 2023-04-07 წიგნი 5 ლ.